[Event "10. ArberSchach Festival Open 2023"]
[Site "Bodenmais"]
[Date "2023.08.07"]
[Round "3.29"]
[White "Büchel, Alexander"]
[Black "Zwetz, Anita"]
[Result "0-1"]
[WhiteElo "1614"]
[BlackElo "1837"]
[PlyCount "48"]
[EventDate "2023.??.??"]
[WhiteTeam "SF München"]
[BlackTeam "TSV Kareth-Lappersdorf"]

{[%evp 0,48,38,24,24,2,6,-23,2,-12,8,-10,0,11,21,16,24,15,61,-13,34,2,4,-33,-52,-232,38,-186,-113,-113,-121,-165,-145,-176,-190,-253,-259,-248,-258,-250,-245,-242,-257,-295,-302,-328,-363,-1306,-1070,-1662,-1559]} 1. Nf3 d5 2. c4 e6 3. b3 Nf6 4. Bb2 Nbd7 5. g3 c6 6. Bg2 Bd6 7. d4 Qe7 8. Ne5 Bb4+ 9. Nc3 Nxe5 10. dxe5 Ng4 11. O-O Nxe5 12. Nxd5 cxd5 13. cxd5 exd5 14. Qxd5 f6 15. a3 Bc5 16. b4 Bb6 17. Qb5+ Bd7 18. Qd5 Bc6 19. Qb3 Bxg2 20. Kxg2 O-O-O 21. Rfc1+ Kb8 22. a4 Ng4 23. e3 Rd2 24. Rc2 Nxe3+ 0-1

[Event "10. ArberSchach Festival Open 2023"]
[Site "Bodenmais"]
[Date "2023.08.08"]
[Round "4.3"]
[White "Schatz, Christian"]
[Black "Rieling, Thomas"]
[Result "1/2-1/2"]
[WhiteElo "2153"]
[BlackElo "2085"]
[PlyCount "79"]
[EventDate "2023.??.??"]
[WhiteTeam "SC Postbauer-Heng"]
[BlackTeam "SC Diogenes"]

{[%evp 0,79,38,24,24,6,6,6,10,10,23,20,-4,0,15,15,-25,-27,-25,-44,-24,-25,-3,-97,-98,-66,-44,-98,-77,-77,-77,-79,-70,-72,-69,-75,-44,-71,-30,-54,-45,-85,-52,-36,-32,-24,-28,-26,-43,-19,-27,-37,-22,-23,-5,-5,3,3,2,15,10,-16,14,27,14,26,40,13,7,0,0,0,57,63,56,45,79,90,96,4,0,0]} 1. Nf3 Nf6 2. c4 e6 3. Nc3 d5 4. d4 Be7 5. g3 O-O 6. Bg2 dxc4 7. Qa4 a6 8. Qxc4 b5 9. Qb3 Bb7 10. O-O Nc6 11. Rd1 Na5 12. Qc2 b4 13. Na4 Be4 14. Qd2 Nc4 15. Qe1 Bc2 16. b3 Bxd1 17. Qxd1 Na5 18. Ne5 Rc8 19. Qd3 c5 20. Qxa6 cxd4 21. Nb6 Rb8 22. Nbc4 Nxc4 23. Nc6 Rb6 24. Qxc4 Qc7 25. a4 Nd5 26. Nxe7+ Qxe7 27. Bxd5 exd5 28. Qxd4 Rg6 29. Be3 Qb7 30. Rc1 Re6 31. Rc5 Rd8 32. Rb5 Qc6 33. Rxb4 Re4 34. Qd2 Rxb4 35. Qxb4 h5 36. Qb6 Qe8 37. Qd4 Qc6 38. a5 Qb5 39. Qb6 Rb8 40. Qd6 1/2-1/2

[Event "10. ArberSchach Festival Open 2023"]
[Site "Bodenmais"]
[Date "2023.08.08"]
[Round "4.4"]
[White "Zenker, Ulrich"]
[Black "Fuchs, Michael"]
[Result "1/2-1/2"]
[WhiteElo "2156"]
[BlackElo "1988"]
[PlyCount "69"]
[EventDate "2023.??.??"]
[WhiteTeam "SU Ebersberg-Grafing"]
[BlackTeam "DJK SF Haselbach"]

{[%evp 0,69,38,24,24,24,49,33,14,9,20,16,14,-5,-15,2,6,7,38,31,26,18,27,17,29,29,95,98,138,-19,-16,-24,-37,-37,117,108,97,55,57,54,65,-43,-48,-16,-12,-110,-158,-131,-75,-74,-74,-81,-71,-44,-9,-5,0,0,0,0,0,0,0,0,0,0,-73,-255,-228,-222,-222,-179]} 1. d4 Nf6 2. Nf3 b6 3. g3 e6 4. Bg2 Bb7 5. O-O Be7 6. b3 O-O 7. Bb2 a5 8. c4 a4 9. bxa4 d5 10. Ne5 Ne4 11. Nc3 Nxc3 12. Bxc3 f6 13. Nd3 Bc6 14. a5 dxc4 15. Bxc6 Nxc6 16. Nf4 Kf7 17. e4 Qd7 18. Qh5+ Kg8 19. Qb5 g5 20. d5 gxf4 21. dxc6 Qd3 22. Rac1 fxg3 23. hxg3 Bc5 24. Kh2 Qxe4 25. Be1 Rfd8 26. Rxc4 Bd4 27. axb6 Rd5 28. Rxd4 Qxd4 29. b7 Rb8 30. Qa6 Qg4 31. Qa8 Rh5+ 32. Kg2 Qh3+ 33. Kf3 Qf5+ 34. Kg2 Qh3+ 35. Kf3 1/2-1/2

[Event "10. ArberSchach Festival Open 2023"]
[Site "Bodenmais"]
[Date "2023.08.08"]
[Round "4.6"]
[White "Rabus, Berthold"]
[Black "Skibbe, Diana"]
[Result "1/2-1/2"]
[WhiteElo "2131"]
[BlackElo "1938"]
[PlyCount "27"]
[EventDate "2023.??.??"]
[WhiteTeam "SC Grunbach"]
[BlackTeam "SC Zeulenroda"]

{[%evp 0,27,38,17,59,59,70,36,37,45,48,28,27,17,37,28,29,-20,-1,-13,13,9,7,8,6,12,49,33,48,12]} 1. Nf3 d6 2. d4 g6 3. c4 Bg7 4. Nc3 Nf6 5. g3 O-O 6. Bg2 Nbd7 7. O-O c5 8. dxc5 Nxc5 9. Nd4 Rb8 10. b3 Bd7 11. Bb2 a6 12. Rc1 Qc8 13. Nd5 Qd8 14. Re1 1/2-1/2

[Event "10. ArberSchach Festival Open 2023"]
[Site "Bodenmais"]
[Date "2023.08.08"]
[Round "4.7"]
[White "Bangert, Udo"]
[Black "König, Dirk"]
[Result "1/2-1/2"]
[WhiteElo "1838"]
[BlackElo "1995"]
[PlyCount "24"]
[EventDate "2023.??.??"]
[WhiteTeam "SC Grunbach"]
[BlackTeam "SC Grunbach"]

{[%evp 0,24,38,5,13,8,25,4,16,19,19,20,16,-10,14,18,18,18,46,21,76,25,25,29,33,-32,34]} 1. e4 e5 2. Nf3 Nc6 3. Bc4 Bc5 4. d3 Nf6 5. O-O O-O 6. c3 d5 7. exd5 Nxd5 8. Re1 Bg4 9. Nbd2 Nf6 10. Ne4 Nxe4 11. Rxe4 Bh5 12. Bg5 Qd7 1/2-1/2

[Event "10. ArberSchach Festival Open 2023"]
[Site "Bodenmais"]
[Date "2023.08.08"]
[Round "4.8"]
[White "Stupperich, Reiner"]
[Black "Pommrich, Rainer"]
[Result "1/2-1/2"]
[WhiteElo "2037"]
[BlackElo "1937"]
[PlyCount "20"]
[EventDate "2023.??.??"]
[WhiteTeam "SF Lennestadt"]
[BlackTeam "USV Halle"]

{[%evp 0,20,16,17,24,24,17,21,21,9,21,14,14,-4,41,41,30,-3,-2,-1,-4,-16,-14]} 1. d4 Nf6 2. Nf3 e6 3. Bg5 Be7 4. e3 O-O 5. Bd3 d5 6. Ne5 Ne4 7. Bxe7 Qxe7 8. c3 Nd7 9. Nxd7 Bxd7 10. Nd2 Nxd2 1/2-1/2

[Event "10. ArberSchach Festival Open 2023"]
[Site "Bodenmais"]
[Date "2023.08.08"]
[Round "4.10"]
[White "Nagy, Laszlo"]
[Black "Herbold, Manfred"]
[Result "1/2-1/2"]
[WhiteElo "1894"]
[BlackElo "2113"]
[PlyCount "70"]
[EventDate "2023.??.??"]
[WhiteTeam "SG Vogtareuth-Prutting"]
[BlackTeam "TSG Eisenberg Schach"]

{[%evp 0,70,17,17,17,2,17,14,20,8,45,22,16,4,2,25,33,-7,0,33,98,-6,3,2,-11,-10,-16,-19,-19,-49,-4,-6,2,10,10,-28,-7,-15,-7,0,-28,-70,-75,-75,-78,-92,-81,-94,-64,-110,-114,-119,-106,-180,-150,-167,-167,-172,-170,-174,-135,-137,-134,-133,-133,-133,-133,-133,-133,-133,-133,-133,-133]} 1. Nf3 Nf6 2. g3 c5 3. Bg2 Nc6 4. O-O g6 5. c4 Bg7 6. Nc3 O-O 7. d4 cxd4 8. Nxd4 Ng4 9. e3 d6 10. Nxc6 bxc6 11. Bxc6 Rb8 12. Bg2 Ne5 13. Qc2 Nxc4 14. Rb1 Qa5 15. Nd5 Qxa2 16. Nxe7+ Kh8 17. Nxc8 Na3 18. Qa4 Qxb1 19. Nxd6 Bxb2 20. Bxb2+ Qxb2 21. Qxa7 Nb5 22. Nxb5 Rxb5 23. h4 h5 24. Qe7 Kg7 25. Qc7 Qe5 26. Qa7 Rfb8 27. Qa4 Rb2 28. Qf4 Qxf4 29. gxf4 Rb1 30. Be4 Rxf1+ 31. Kxf1 f6 32. Kg2 Rb4 33. Bd3 Rb3 34. Be4 Rb4 35. Bd3 Rb3 1/2-1/2

[Event "10. ArberSchach Festival Open 2023"]
[Site "Bodenmais"]
[Date "2023.08.08"]
[Round "4.12"]
[White "Paus, Franz"]
[Black "Drews, Rüdiger"]
[Result "1-0"]
[WhiteElo "1994"]
[BlackElo "1894"]
[PlyCount "23"]
[EventDate "2023.??.??"]
[WhiteTeam "Schachfüchse Kempen"]
[BlackTeam "Mosbacher SC"]

{[%evp 0,23,17,17,17,17,17,17,51,38,36,29,46,39,49,21,54,23,75,44,49,48,47,50,304,290]} 1. d4 Nf6 2. Bf4 e6 3. Nf3 b6 4. e3 Bb7 5. Nbd2 c5 6. c3 Be7 7. h3 Qc8 8. Rc1 Ba6 9. c4 cxd4 10. exd4 Qd8 11. Qa4 O-O 12. Bxb8 1-0

[Event "10. ArberSchach Festival Open 2023"]
[Site "Bodenmais"]
[Date "2023.08.08"]
[Round "4.13"]
[White "Hilbig, Dieter"]
[Black "Hamlack, Heinz"]
[Result "0-1"]
[WhiteElo "1867"]
[BlackElo "2002"]
[PlyCount "94"]
[EventDate "2023.??.??"]
[WhiteTeam "ESV Gera"]
[BlackTeam "SK Bad Neustadt"]

{[%evp 0,94,17,16,48,48,41,16,-3,16,31,-5,-7,7,8,-38,-22,-29,-25,-49,-26,-79,-74,-74,-78,-78,-27,-27,-24,-54,-37,-51,-43,-68,-63,-95,-85,-92,-93,-96,-73,-81,-61,-121,-117,-116,-86,-145,-111,-114,-94,-102,-79,-64,-63,-52,-56,-50,-52,-46,-51,-119,-118,-121,-130,-113,-116,-117,-115,-119,-118,-139,-130,-143,-113,-138,-120,-128,-119,-142,-85,-101,-104,-115,-111,-113,-104,-104,-76,-113,-92,-104,-103,-110,-107,-29997,-29998]} 1. e4 c5 2. Nc3 Nc6 3. f4 e6 4. Nf3 Nge7 5. Be2 d5 6. exd5 Nxd5 7. Nxd5 Qxd5 8. d3 Be7 9. O-O O-O 10. Nd2 Nd4 11. Bf3 Nxf3+ 12. Qxf3 Qxf3 13. Nxf3 b6 14. Be3 Ba6 15. Rfd1 Rac8 16. c3 Rfd8 17. Ne1 Rd7 18. Rd2 Rcd8 19. Rad1 Bf6 20. Kf2 Bb5 21. Kg3 Ba4 22. Rc1 h6 23. Kf3 Kf8 24. Ke2 e5 25. fxe5 Bxe5 26. Nf3 Bb8 27. d4 Re8 28. Kf2 Rde7 29. Re1 cxd4 30. Bxd4 Rxe1 31. Nxe1 Bf4 32. Re2 Rxe2+ 33. Kxe2 Bxh2 34. Nf3 Bf4 35. Ne5 Be8 36. Kf3 Bc1 37. Nd3 Bg5 38. g3 Bb5 39. Nb4 f5 40. b3 Bd2 41. a4 Be8 42. Ke2 Bg5 43. Be5 Bh5+ 44. Kd3 Bd1 45. Kc4 Be3 46. Bb8 a6 47. Nd5 Be2+ 0-1

[Event "10. ArberSchach Festival Open 2023"]
[Site "Bodenmais"]
[Date "2023.08.08"]
[Round "4.16"]
[White "Schönfeld, Volker"]
[Black "Klimpel, Siegfried"]
[Result "1-0"]
[WhiteElo "1957"]
[BlackElo "1718"]
[PlyCount "51"]
[EventDate "2023.??.??"]
[WhiteTeam "VfL Gera"]
[BlackTeam "TSV Kareth-Lappersdorf"]

{[%evp 0,51,17,16,51,12,14,10,23,23,14,-7,43,17,7,-11,25,26,23,33,66,35,50,36,27,22,37,53,35,46,43,61,174,72,80,43,49,50,76,71,127,141,147,135,449,426,446,446,468,164,201,164,517,505]} 1. e4 c5 2. c3 Nf6 3. e5 Nd5 4. d4 cxd4 5. Qxd4 Nc7 6. Bc4 Nc6 7. Qe4 e6 8. Nf3 Be7 9. O-O b5 10. Bb3 Bb7 11. Qg4 Kf8 12. Rd1 Na5 13. Nbd2 h5 14. Qd4 Nc6 15. Qe3 g5 16. a4 a6 17. Nf1 Na5 18. Ba2 Bxf3 19. Qxf3 Nc4 20. Bxc4 bxc4 21. Ne3 d5 22. exd6 Bxd6 23. Nxc4 g4 24. Qd3 Be7 25. Qe2 Qe8 26. Qe5 1-0

[Event "10. ArberSchach Festival Open 2023"]
[Site "Bodenmais"]
[Date "2023.08.08"]
[Round "4.18"]
[White "Botvinnik, Alexey"]
[Black "Pühn, Georg"]
[Result "0-1"]
[WhiteElo "1806"]
[BlackElo "2007"]
[PlyCount "108"]
[EventDate "2023.??.??"]
[WhiteTeam "Brühler SK"]
[BlackTeam "SW Nürnberg Süd"]

{[%evp 0,108,17,17,17,-3,-3,10,0,18,18,10,20,16,24,3,6,3,42,22,33,29,14,21,21,4,8,4,4,-37,-49,-40,-32,-50,-43,-47,-48,-36,-39,-35,-40,-43,-40,-70,-60,-57,-62,-77,-91,-122,-124,-114,-82,-102,-106,-122,-2,-7,22,13,18,-7,0,1,-8,-6,0,-300,-308,-379,-389,-398,-359,-371,-317,-362,-365,-365,-347,-386,-361,-401,-348,-415,-371,-370,-373,-370,-382,-380,-337,-334,-365,-374,-296,-374,-374,-400,-353,-349,-361,-365,-361,-418,-330,-462,-395,-402,-403,-447,-452]} 1. d4 d5 2. c4 e6 3. Nf3 Nf6 4. e3 Be7 5. Nc3 O-O 6. Be2 a6 7. cxd5 exd5 8. O-O b6 9. b3 Bb7 10. Bb2 Nbd7 11. Rc1 Re8 12. Bd3 Bd6 13. Nd2 c5 14. Qf3 cxd4 15. exd4 Nf8 16. Qh3 Bc8 17. Bf5 Bxf5 18. Qxf5 Ne6 19. Nf3 g6 20. Qb1 b5 21. Rcd1 Qc7 22. g3 Rac8 23. Ne5 b4 24. Ne2 Qc2 25. Rfe1 Ng5 26. Qxc2 Rxc2 27. Bc1 Nge4 28. f3 Rxe2 29. Rxe2 Nc3 30. Rde1 Nxe2+ 31. Rxe2 Nd7 32. Kf1 Bxe5 33. f4 Rc8 34. Bb2 Bg7 35. a3 bxa3 36. Bxa3 Bf8 37. Be7 Bxe7 38. Rxe7 Rd8 39. Re2 Nf6 40. Re7 Rd7 41. Re2 Ne4 42. Ra2 Rd6 43. Kg2 Rb6 44. Ra5 Rd6 45. b4 Nc3 46. Kf3 Rb6 47. Ke3 Nb5 48. f5 f6 49. g4 Kf7 50. Kd3 Ke7 51. Ra1 Kd7 52. Rb1 Nd6 53. fxg6 hxg6 54. Rf1 Ne4 0-1

[Event "10. ArberSchach Festival Open 2023"]
[Site "Bodenmais"]
[Date "2023.08.08"]
[Round "4.20"]
[White "Birken, Michael"]
[Black "Auterhoff, Jürgen"]
[Result "1-0"]
[WhiteElo "1945"]
[BlackElo "1749"]
[PlyCount "47"]
[EventDate "2023.??.??"]
[WhiteTeam "SK Gerolzhofen"]
[BlackTeam "SF München"]

{[%evp 0,47,17,16,16,16,26,-11,31,39,41,-11,11,39,17,17,71,63,59,55,58,55,63,53,53,56,48,51,59,59,65,42,94,99,117,123,164,155,148,145,146,163,163,163,212,202,517,501,778,778]} 1. e4 e5 2. Nf3 Nf6 3. Nxe5 d6 4. Nf3 Nxe4 5. d4 d5 6. Bd3 Bf5 7. O-O Be7 8. Re1 Nc6 9. Nc3 Nxc3 10. bxc3 Bxd3 11. cxd3 O-O 12. Rb1 Rb8 13. Bf4 Re8 14. Qa4 Qc8 15. Rb5 Rd8 16. Qb3 Qd7 17. Rxb7 Na5 18. Rxc7 Rxb3 19. Rxd7 Rxd7 20. axb3 Nxb3 21. Ne5 Rb7 22. Nc6 Kf8 23. Nxe7 Rxe7 24. Bd6 1-0

[Event "10. ArberSchach Festival Open 2023"]
[Site "Bodenmais"]
[Date "2023.08.08"]
[Round "4.23"]
[White "Lanz, Udo"]
[Black "Wild, Helmut"]
[Result "1/2-1/2"]
[WhiteElo "1744"]
[BlackElo "1895"]
[PlyCount "36"]
[EventDate "2023.??.??"]
[WhiteTeam "VSG Offenbach"]
[BlackTeam "SK Gau-Algesheim"]

{[%evp 0,36,17,16,47,61,56,-2,29,16,45,-4,56,2,63,28,49,27,30,28,25,14,60,60,52,51,117,57,93,63,82,-92,104,93,88,83,83,20,10]} 1. e4 c6 2. d4 d5 3. f3 e6 4. Be3 Nf6 5. Bd3 b6 6. Qe2 a5 7. Nd2 Ba6 8. e5 Nfd7 9. f4 c5 10. c3 c4 11. Bc2 g6 12. Ngf3 b5 13. O-O h5 14. Ng5 Qe7 15. b3 Nb6 16. bxc4 bxc4 17. Rab1 N8d7 18. Rb2 Qa3 1/2-1/2

[Event "10. ArberSchach Festival Open 2023"]
[Site "Bodenmais"]
[Date "2023.08.08"]
[Round "4.27"]
[White "Reuter, Markus"]
[Black "Blumenstock, Axel"]
[Result "1/2-1/2"]
[WhiteElo "1695"]
[BlackElo "1823"]
[PlyCount "78"]
[EventDate "2023.??.??"]
[WhiteTeam "SG Niederkassel"]
[BlackTeam "SF Taunus"]

{[%evp 0,78,20,24,15,10,33,22,35,21,9,-4,8,8,19,19,26,22,32,13,33,-2,3,-98,6,-109,4,0,11,-10,-5,-39,-2,-55,-46,-69,-63,-162,-31,-81,-21,-19,94,89,89,92,56,10,10,15,-7,-10,58,51,77,72,87,55,50,36,38,-13,-24,0,0,-32,-31,-37,-23,-34,-38,-55,-14,0,0,-23,-24,-26,0,-26,-35]} 1. d4 d5 2. c4 c6 3. Nc3 Nf6 4. Nf3 dxc4 5. a4 Bf5 6. e3 e6 7. Bxc4 Bb4 8. O-O O-O 9. Bd2 Qe7 10. Ne5 Nbd7 11. h3 Rfd8 12. g4 Bg6 13. Nxg6 hxg6 14. Qe2 Nb6 15. Ba2 Rd7 16. Rad1 Bxc3 17. bxc3 Nxa4 18. e4 Nb6 19. Bg5 e5 20. Rfe1 Qa3 21. dxe5 Rxd1 22. Rxd1 Nh7 23. Rd8+ Rxd8 24. Bxd8 Nf8 25. Qd2 Qc5 26. Bc7 Qe7 27. Bd6 Qe8 28. Bxf8 Qxf8 29. Qf4 Qe7 30. Qd2 Nd7 31. f4 Nc5 32. Qd6 Qxd6 33. exd6 Kf8 34. Bb1 a5 35. Kf2 a4 36. Ke3 a3 37. Kd4 Ne6+ 38. Ke3 Nc5 39. Kd4 Ne6+ 1/2-1/2

[Event "10. ArberSchach Festival Open 2023"]
[Site "Bodenmais"]
[Date "2023.08.08"]
[Round "4.29"]
[White "Desoye, Gernot"]
[Black "Trinkl, Andreas"]
[Result "1-0"]
[WhiteElo "1822"]
[BlackElo "1635"]
[PlyCount "73"]
[EventDate "2023.??.??"]
[WhiteTeam "Schachfreunde Graz"]
[BlackTeam "SC Bayerwald"]

{[%evp 0,73,16,17,17,10,18,17,23,-51,2,13,36,36,50,50,194,177,175,155,161,161,137,151,151,147,151,151,136,142,159,166,175,177,178,172,189,187,187,188,188,192,205,164,167,150,167,161,157,140,147,149,157,153,168,181,308,318,318,370,395,385,398,400,446,446,528,375,454,542,1179,1224,1251,1280,1305,1324]} 1. d4 Nf6 2. c4 e6 3. Nc3 Bb4 4. f3 c5 5. d5 b5 6. e4 Nxe4 7. fxe4 Qh4+ 8. Kd2 Qxe4 9. Qe2 Qxc4 10. Qxc4 bxc4 11. Bxc4 Bb7 12. Kc2 Bxc3 13. bxc3 exd5 14. Be2 d4 15. Bf3 Bxf3 16. Nxf3 O-O 17. cxd4 cxd4 18. Nxd4 Nc6 19. Nxc6 Rac8 20. Bf4 Rfe8 21. Kd2 Rxc6 22. Rac1 Ra6 23. Rc2 f6 24. Re1 Kf7 25. Rxe8 Kxe8 26. Kc3 Kd8 27. Kb4 d6 28. Be3 Kd7 29. a4 d5 30. Kb5 Re6 31. Bxa7 Re4 32. a5 h5 33. Ka6 g5 34. Kb7 Rc4 35. Rxc4 dxc4 36. a6 c3 37. Be3 1-0

[Event "10. ArberSchach Festival Open 2023"]
[Site "Bodenmais"]
[Date "2023.08.08"]
[Round "4.30"]
[White "Hein, Ralf"]
[Black "Kühnl, Bernd"]
[Result "1-0"]
[WhiteElo "2020"]
[BlackElo "1719"]
[PlyCount "51"]
[EventDate "2023.??.??"]
[WhiteTeam "SC Diogenes"]
[BlackTeam "VfL Gera"]

{[%evp 0,51,17,-27,19,15,9,12,8,9,10,6,6,-17,16,-3,12,7,2,-12,13,2,17,11,54,33,28,31,37,44,61,50,50,52,62,56,63,64,36,20,20,-25,6,11,16,0,106,76,154,137,347,237,237,273]} 1. c4 c5 2. Nc3 Nc6 3. d3 d6 4. g3 g6 5. Bg2 Bg7 6. e4 e6 7. Nge2 Nge7 8. O-O O-O 9. Rb1 Rb8 10. a3 a6 11. b4 cxb4 12. axb4 b5 13. cxb5 axb5 14. Be3 d5 15. exd5 exd5 16. Bc5 Re8 17. d4 Bg4 18. f3 Be6 19. Qd2 Nf5 20. Rbe1 Nd6 21. Nf4 Nc4 22. Qd1 Bf8 23. Nfxd5 Bxc5 24. dxc5 Qg5 25. f4 Qd8 26. f5 1-0

[Event "10. ArberSchach Festival Open 2023"]
[Site "Bodenmais"]
[Date "2023.08.09"]
[Round "5.2"]
[White "Schunk, Thomas"]
[Black "Rieling, Thomas"]
[Result "1-0"]
[WhiteElo "2152"]
[BlackElo "2085"]
[PlyCount "59"]
[EventDate "2023.??.??"]
[WhiteTeam "SG Leipzig"]
[BlackTeam "SC Diogenes"]

{[%evp 0,59,17,-23,-9,-12,14,-5,20,20,21,13,55,36,36,32,29,23,21,15,44,10,32,-47,-32,-48,-13,17,34,24,34,34,25,22,60,36,45,-13,51,36,22,37,109,110,120,85,107,115,102,78,122,120,123,143,143,143,167,155,270,286,1322,1342]} 1. c4 e5 2. Nc3 d6 3. g3 f5 4. Bg2 Nf6 5. Nf3 c6 6. d3 Be7 7. O-O O-O 8. b4 Na6 9. Rb1 Qe8 10. e3 Qh5 11. Ne1 Qxd1 12. Nxd1 d5 13. b5 Nc5 14. cxd5 cxd5 15. d4 exd4 16. exd4 Nce4 17. Nd3 a6 18. b6 Bd7 19. Re1 Ba4 20. Ne3 Nc3 21. Ra1 Bd8 22. Ba3 Bxb6 23. Bxf8 Rxf8 24. Rac1 Nxa2 25. Ra1 Bb5 26. Rxa2 Bxd3 27. Nxd5 Bc4 28. Nxf6+ Rxf6 29. Rc2 Bb5 30. Bd5+ 1-0

[Event "10. ArberSchach Festival Open 2023"]
[Site "Bodenmais"]
[Date "2023.08.09"]
[Round "5.4"]
[White "Hamlack, Heinz"]
[Black "Schatz, Christian"]
[Result "0-1"]
[WhiteElo "2002"]
[BlackElo "2153"]
[PlyCount "58"]
[EventDate "2023.??.??"]
[WhiteTeam "SK Bad Neustadt"]
[BlackTeam "SC Postbauer-Heng"]

{[%evp 0,58,17,16,17,17,45,45,37,32,33,47,42,33,44,-9,-38,-38,-35,-59,-67,-93,-93,-120,-138,-148,-147,-153,-168,-435,-402,-433,-368,-589,-378,-392,-412,-413,-244,-265,-268,-245,-211,-275,-291,-284,-267,-272,-307,-367,-375,-391,-329,-326,-350,-883,-916,-1241,-1656,-29979,-734]} 1. Nf3 Nf6 2. d4 g6 3. c4 Bg7 4. Nc3 O-O 5. e4 d6 6. Be2 e5 7. h3 exd4 8. Nxd4 Re8 9. Bf3 Nxe4 10. Nxe4 f5 11. Ne2 fxe4 12. Qd5+ Be6 13. Qxe4 Nc6 14. g4 Bf7 15. Qf4 Nd4 16. Kf1 g5 17. Qg3 Bxc4 18. Be3 Nc2 19. Rc1 Nxe3+ 20. fxe3 Bf7 21. Bxb7 Rb8 22. Bc6 Rf8 23. Kg1 Rxb2 24. Nd4 Bxd4 25. exd4 Qf6 26. Qe3 Bc4 27. Bg2 Re2 28. Qg3 Qxd4+ 29. Kh2 Rff2 0-1

[Event "10. ArberSchach Festival Open 2023"]
[Site "Bodenmais"]
[Date "2023.08.09"]
[Round "5.12"]
[White "Korth, Manfred"]
[Black "Laqua, Christian"]
[Result "1/2-1/2"]
[WhiteElo "1922"]
[BlackElo "2082"]
[PlyCount "76"]
[EventDate "2023.??.??"]
[WhiteTeam "SC Heideck-Hilpoltstein"]
[BlackTeam "SC Diogenes"]

{[%evp 0,76,17,16,58,-27,18,14,18,-6,4,-46,5,6,7,6,11,-53,-55,-56,-58,-70,-21,-65,-34,-91,-46,-44,-47,-31,-15,-23,-17,-12,-12,-23,-11,-25,-31,-24,-23,-23,-15,-10,-3,-16,-17,-19,-14,-19,-29,-26,-18,-19,-23,-29,-17,-44,-37,-47,-50,-47,-50,-50,-29,-30,-21,-28,21,19,22,12,33,28,47,30,34,41,65]} 1. e4 Nf6 2. d3 c5 3. Be2 Nc6 4. f4 d5 5. Nd2 Qc7 6. e5 Nd7 7. Ngf3 f6 8. exf6 exf6 9. g3 Bd6 10. O-O O-O 11. Re1 Re8 12. Nf1 Nf8 13. Ne3 Be6 14. Nh4 d4 15. Nef5 Ne7 16. Nxd6 Qxd6 17. Bd2 Nfg6 18. Nxg6 hxg6 19. Bf3 Bd5 20. Qe2 Bxf3 21. Qxf3 Qd5 22. Qxd5+ Nxd5 23. Kf2 Kf7 24. c4 dxc3 25. bxc3 Rh8 26. h4 Rad8 27. Rad1 Rd6 28. c4 Nc7 29. Be3 Ne6 30. Re2 Rhd8 31. Red2 Ra6 32. Rb1 Rd7 33. Ke2 Nd4+ 34. Bxd4 cxd4 35. Rb5 Re6+ 36. Kf2 Re3 37. a4 b6 38. a5 bxa5 1/2-1/2

[Event "10. ArberSchach Festival Open 2023"]
[Site "Bodenmais"]
[Date "2023.08.09"]
[Round "5.13"]
[White "Kirschner, Torsten"]
[Black "Stupperich, Reiner"]
[Result "0-1"]
[WhiteElo "1842"]
[BlackElo "2037"]
[PlyCount "96"]
[EventDate "2023.??.??"]
[WhiteTeam "ESV Gera"]
[BlackTeam "SF Lennestadt"]

{[%evp 0,96,17,17,17,27,48,31,47,38,12,-3,-10,-4,-1,0,0,-3,-11,-10,-2,11,54,55,53,45,42,40,42,42,45,34,39,21,33,3,10,-12,49,46,51,47,55,39,46,27,31,10,16,11,8,8,11,0,-4,-26,-36,-26,-23,-46,-45,-38,-23,-15,-15,-15,-15,-39,-43,-94,-94,-46,-39,-51,-51,-51,-43,-40,-40,-324,-330,-287,-248,-248,-310,-356,-378,-383,-541,-894,-982,-992,-383,-354,-405,-450,-613,-756,-1002]} 1. d4 Nf6 2. Nf3 c5 3. d5 b5 4. a4 b4 5. c4 g6 6. b3 Bg7 7. Bb2 O-O 8. Qc2 d6 9. e4 e6 10. Bd3 exd5 11. cxd5 Nbd7 12. O-O Ng4 13. Bxg7 Kxg7 14. Nbd2 Nge5 15. Nxe5 Nxe5 16. Nc4 Nxc4 17. Bxc4 f5 18. f3 f4 19. Rfe1 Qf6 20. Rad1 Qe5 21. Rd2 Bd7 22. Qb2 Kf6 23. Kf2 g5 24. h3 h5 25. Rh1 Rh8 26. Qxe5+ Kxe5 27. Rdd1 g4 28. hxg4 hxg4 29. Rxh8 Rxh8 30. Kg1 gxf3 31. gxf3 Rh3 32. Kg2 Rg3+ 33. Kf2 Bh3 34. Rg1 Rxg1 35. Kxg1 Kd4 36. Kf2 a5 37. Bb5 Kc3 38. Bc4 Bd7 39. Bb5 Bxb5 40. axb5 a4 41. b6 axb3 42. b7 b2 43. b8=Q b1=Q 44. Qxd6 Qc2+ 45. Kg1 Qd1+ 46. Kh2 Qe2+ 47. Kg1 Qe1+ 48. Kg2 Qg3+ 0-1

[Event "10. ArberSchach Festival Open 2023"]
[Site "Bodenmais"]
[Date "2023.08.09"]
[Round "5.14"]
[White "Pühn, Georg"]
[Black "Nagy, Laszlo"]
[Result "1/2-1/2"]
[WhiteElo "2007"]
[BlackElo "1894"]
[PlyCount "38"]
[EventDate "2023.??.??"]
[WhiteTeam "SW Nürnberg Süd"]
[BlackTeam "SG Vogtareuth-Prutting"]

{[%evp 0,38,17,16,52,44,91,59,37,8,29,28,23,17,47,29,50,48,34,-7,-8,-8,-11,-6,-10,-4,17,21,27,31,26,26,37,38,38,36,47,32,90,25,25]} 1. e4 c5 2. Nf3 a6 3. d3 Nc6 4. g3 g6 5. Bg2 Bg7 6. O-O e6 7. c3 Nge7 8. Be3 b6 9. Qc1 O-O 10. Bh6 Bb7 11. Bxg7 Kxg7 12. Nbd2 e5 13. Nc4 d6 14. Nh4 b5 15. Ne3 b4 16. f4 f6 17. Qd2 Rb8 18. Rad1 a5 19. Rf2 Qd7 1/2-1/2

[Event "10. ArberSchach Festival Open 2023"]
[Site "Bodenmais"]
[Date "2023.08.09"]
[Round "5.17"]
[White "Nebe, Hartmut"]
[Black "Hein, Ralf"]
[Result "0-1"]
[WhiteElo "1766"]
[BlackElo "2020"]
[PlyCount "64"]
[EventDate "2023.??.??"]
[WhiteTeam "SK Ettlingen"]
[BlackTeam "SC Diogenes"]

{[%evp 0,64,17,16,16,32,32,17,67,55,64,45,37,-41,43,0,-3,-14,-13,-22,-22,-14,-24,-33,-24,-53,-47,-66,-63,-56,-52,-66,-10,-68,-48,-66,-58,-119,-127,-109,-108,-110,-113,-121,-115,-115,-102,-104,-104,-103,-104,-225,-182,-233,-255,-242,-239,-236,-242,-250,-239,-262,-251,-273,-302,-265,-289]} 1. e4 e5 2. Nf3 Nc6 3. Bb5 f5 4. Nc3 Nf6 5. d3 Bb4 6. Bg5 O-O 7. O-O Bxc3 8. bxc3 fxe4 9. dxe4 d6 10. Nd2 Be6 11. Ba4 Qd7 12. c4 Qf7 13. c3 Qg6 14. Bxf6 Rxf6 15. Qe2 Raf8 16. Rab1 Nd8 17. c5 Bxa2 18. Bb3+ Bxb3 19. Rxb3 dxc5 20. Qc4+ Qf7 21. Qxc5 b6 22. Qc4 Rd6 23. Qxf7+ Nxf7 24. Nc4 Rd3 25. Ne3 Nd6 26. Rd1 Rxd1+ 27. Nxd1 Nxe4 28. f3 Nc5 29. Rb1 Rd8 30. Kf2 e4 31. Ne3 Rd2+ 32. Kg3 Rd3 0-1